000 004770000a22001810004500
003 MACL
005 20151011154106.0
008 151011b xxu||||| |||| 00| 0 eng d
040 _aMACL
_cMACL
041 _aEnglish
082 _a920/GUP
100 _aGupta, Hemendranath Das
_914208
245 _aDeshbandhu Chittaranjan das
_bBuilders of Modern India
260 _bPublicaton Division
_c1969
_aNew Delhi
350 _a5
650 _aBiography
_914391
942 _cBK
_k920
_2ddc
999 _c7577
_d7577